00530nam a2200181Ia 4500003000900000008004100009020001800050040001600068080001500084100002000099245007700119260003200196300001700228650004100245650002400286650001900310700001900329IN-BaIIA211028s9999 xx 000 0 eng d a0-07-005371-5 cIIA Library a533.9bBIR aBirdsall, C. K. 0aPlasma physics via computer simulationcC. K. Birdsall and A. B. Langdon aNew YorkbMcGraw-Hillc1985 axxiii, 479p. aAstronomy and astrophysics thesaurus aComputer simulation aPlasma physics aLangdon, A. B.